| 000 | 00724nam a2200253 i 4500 | ||
|---|---|---|---|
| 001 | 000001441 | ||
| 003 | DO-SdBNP | ||
| 005 | 20240812094903.0 | ||
| 007 | ta | ||
| 008 | 790925s2006 ja 000 0deng | ||
| 020 | _z4893580086 | ||
| 040 |
_aDO-SdBNP _bspa _cBNPHU _erda |
||
| 041 | 1 | 7 | _heng |
| 082 | 4 | _a22 | |
| 245 | 0 | 0 |
_aAn Introductory bibliography for Japanese studies / _ccompilador, Toho Gakkai |
| 264 |
_aTokyo, Japan : _bJapan Foundation, _c1988. |
||
| 300 |
_avolumenes ; _c24 cm. |
||
| 336 |
_2rdacontent _atexto _btxt |
||
| 337 |
_2rdamedia _asin mediación _bn |
||
| 338 |
_2rdacarrier _avoñumen _bnc |
||
| 590 | _aInventariado, 2024/BT | ||
| 700 | 1 |
_aGakkai, Tokyo, _94785 _ecompilador |
|
| 942 |
_2ddc _cLBS1 |
||
| 999 |
_c1355 _d1355 |
||